000 00367nam a2200157Ia 4500
003 OSt
008 191201s2001 xx 000 0 und d
082 _a658
_bGOP
100 _aGOODMAN,Louis J
245 0 _aProject Planning and Management
250 _a1st
260 _aNew Delhi
_bC B S Publisher
_c2001
300 _a302
650 _aB.Tech(CE)
942 _2ddc
_cBK
999 _c5852
_d5852